Informe acerca del Congreso Pedagógico Internacional Americano de Buenos-Aires (Record no. 162918)
[ view plain ]
| 000 -LEADER | |
|---|---|
| campo de control de longitud fija | 00979nam a2200193 i 4500 |
| 001 - NÚMERO DE CONTROL | |
| campo de control | 162918 |
| 003 - IDENTIFICADOR DE NÚMERO DE CONTROL | |
| campo de control | ES-MaACL |
| 005 - FECHA Y HORA DE LA ÚLTIMA TRANSACCIÓN | |
| campo de control | 20230906212629.0 |
| 008 - DATOS DE LONGITUD FIJA--INFORMACIÓN GENERAL | |
| campo de control de longitud fija | 990903s1882 uy |||| | spa d |
| 100 1# - ENTRADA PRINCIPAL--NOMBRE DE PERSONA | |
| Nombre de persona | Ramírez, Carlos María. |
| 9 (RLIN) | 131596 |
| 245 10 - MENCIÓN DEL TÍTULO | |
| Título | Informe acerca del Congreso Pedagógico Internacional Americano de Buenos-Aires |
| Resto del título | : 1882 / |
| Mención de responsabilidad, etc. | presentado a la Comisión Directiva de la "Sociedad de Amigos de la Educación Popular" de Montevideo por Carlos M. Ramírez, Carlos M. de Pena y F.A. Berra. |
| 260 ## - PUBLICACIÓN, DISTRIBUCIÓN, ETC. | |
| Lugar de publicación, distribución, etc. | Montevideo : |
| Nombre del editor, distribuidor, etc. | [s.n.], |
| Fecha de publicación, distribución, etc. | 1882 ( |
| Fabricante | Imp. y Encuadernación de Rius y Becchi) |
| 300 ## - DESCRIPCIÓN FÍSICA | |
| Extensión | 168 p. ; |
| Dimensiones | 26 cm. |
| 510 4# - NOTA DE CITAS O REFERENCIAS BIBLIOGRÁFICAS | |
| Nombre de la fuente | Palau, |
| Localización dentro de la fuente | t. XV, 246677 |
| 611 24 - PUNTO DE ACCESO ADICIONAL DE MATERIA--NOMBRE DE REUNIÓN/CONGRESO | |
| Nombre de congreso/reunión o jurisdicción como elemento de entrada | Congreso Pedagógico Internacional ( |
| Número del congreso/reunión o número de parte o sección | 1º. |
| Fecha del congreso o de la firma del tratado | 1882. |
| Sede del congreso/Lugar de la reunión | Buenos Aires) |
| 9 (RLIN) | 570 |
| 700 1# - ENTRADA AGREGADA--NOMBRE PERSONAL | |
| Nombre de persona | Pena, Carlos María de. |
| 9 (RLIN) | 90135 |
| 700 1# - ENTRADA AGREGADA--NOMBRE PERSONAL | |
| Nombre de persona | Berra, F. A. |
| 9 (RLIN) | 28368 |
| 852 ## - LOCALIZACIÓN | |
| Ubicación | ES-MaACL |
| Número de control de estantería | T-451-F-4 |
| Nota libre | - Enc. hol., falto de cub. original |
| -- | . - Dedicatoria al Ateneo de A. Gómez Ruano? |
| -- | - Enc. en un vol. facticio |
| Estatus retirado | Estado de pérdida | Estado de daño | No para préstamo | Colección | Biblioteca de origen | Biblioteca actual | Ubicación en estantería | Fecha de adquisición | Total de préstamos | Signatura topográfica completa | Código de barras | Visto por última vez | Precio de reemplazo | Tipo de ítem Koha |
|---|---|---|---|---|---|---|---|---|---|---|---|---|---|---|
| Colección de folletos | Biblioteca del Ateneo de Madrid | Biblioteca del Ateneo de Madrid | Depósito folletos | 17/01/2008 | T-451-F-4 | 1170698 | 23/02/2023 | 23/02/2023 | Folleto |
